|
|
|
|
| LEADER |
00000nab a2200000 a 4500 |
| 001 |
vtls000027095 |
| 003 |
SK-MaSNL |
| 005 |
20260303124917.0 |
| 008 |
111103c1979 xo 0 slo |
| 015 |
|
|
|a SNBRB19rr/mm-uuuuu
|
| 035 |
|
|
|a CL0037189
|
| 040 |
|
|
|a SNKBUCL
|b slo
|c SNKBUCL
|e AACR2
|
| 041 |
0 |
|
|a slo
|
| 044 |
|
|
|a xo
|c SK
|
| 080 |
|
|
|a 339.5
|2 1981
|
| 100 |
1 |
|
|a Demovič, Rudolf
|4 aut
|9 444656
|
| 245 |
1 |
0 |
|a Licenčná politika pod drobnohľadom
|c Rudolf Demovič, Jozef Hric
|
| 300 |
|
|
|b Obr. 1.
|
| 650 |
0 |
7 |
|a licencie
|2 snkbucl
|9 2661
|
| 650 |
0 |
7 |
|a zahraničný obchod
|2 snkbucl
|9 2200
|
| 655 |
|
7 |
|a články z novín a časopisov
|2 snkbucl
|9 267496
|
| 700 |
1 |
|
|a Hric, Jozef
|4 aut
|9 627611
|
| 773 |
0 |
|
|t Nové slovo
|g Roč. 21, č. 16 (19. 4. 1979), s. 5
|
| 850 |
|
|
|a Slovenská národná knižnica v Martine
|a MTA001
|
| 852 |
|
|
|a SNK
|b KIS3GCP
|
| 958 |
|
|
|a RK
|
| 992 |
|
|
|a RBX
|
| 999 |
|
|
|c 1932164
|d 1934094
|